| 000 | 00437nam a2200157Ia 4500 | ||
|---|---|---|---|
| 008 | 190912s9999 xx 000 0 und d | ||
| 100 | _aRamirez, Robertzon | ||
| 245 | _aMMDA: No more jeepneys on EDSA/ | ||
| 245 | _cRobertzon Ramirez | ||
| 260 | _bThe Philippine Star | ||
| 260 | _c2017 | ||
| 300 | _aFebruary 3 | ||
| 440 | _aThe Philippine Star | ||
| 650 | _aLaw -- Philippines | ||
| 650 | _aRules and regulation -- Transportation | ||
| 999 |
_c362112 _d362112 |
||